书目信息 |
| 题名: |
谈音论乐
|
|
| 作者: | 林声翕 著 | |
| 分册: | ||
| 出版信息: | 台湾 东大图书公司 1988.02 |
|
| 页数: | 190页 | |
| 开本: | 20cm | |
| 丛书名: | ||
| 单 册: | ||
| 中图分类: | J60 | |
| 科图分类: | ||
| 主题词: | 音乐--艺术理论 , 音乐学 , 音乐社会学 | |
| 电子资源: | ||
| ISBN: | ||
| 000 | 00505nam0 2200193 450 | |
| 001 | 0631303687 | |
| 005 | 20061116084410.73 | |
| 100 | @a20061116d1988 km y0chiy0120 ea | |
| 101 | 0 | @achi |
| 200 | 1 | @a谈音论乐@Atan yin lun yue@f林声翕著@Flin sheng xi zhu |
| 210 | @a台湾@c东大图书公司@d1988.02 | |
| 215 | @a190页@d20cm | |
| 606 | 0 | @a音乐@x艺术理论 |
| 606 | 0 | @a音乐学 |
| 606 | 0 | @a音乐社会学 |
| 690 | @aJ60@v3 | |
| 701 | 0 | @a林声翕@Alin sheng xi@4著 |
| 801 | 0 | @aCN@bPFT@c20061116 |
| 905 | @a10447@dJ60@e107 | |
| 谈音论乐/林声翕著.-台湾:东大图书公司,1988.02 |
| 190页;20cm |
| ISBN : |
| ● |
| 相关链接 |
|
|
|
|
正题名:谈音论乐
索取号:J60/107
 
预约/预借
| 序号 | 登录号 | 条形码 | 馆藏地/架位号 | 状态 | 备注 |
| 1 | 0262308 | 202111561 | 不可借-一样/ [索取号:J60/107] | 在馆 |